000 00306nam a2200121 a 4500
005 20140414131928.0
008 101103s19uu xx 00 eng d
050 _aFIL
_bAl1 2002
100 _aVillanueva, Rene O.
245 _aAlamat ng bahaghari.
260 _aManila :
_bLampara,
_c2002.
999 _c112151
_d112151